Kajian astronomi moden

Bibliographic Details
Main Authors: Munirah Alias (Author), Falisyah Ismail (Author)
Format: Book
Published: Subang Jaya,Selangor : Penerbitan Celik Minda 2024
Series:Siri misteri dan keindahan alam semesta
Subjects:

MARC

LEADER 00000cam a2200000 7i4500
001 0000094050
005 20240814085258.0
020 |a 9789672934578 (  |q set) 
020 |a 9789672934622 (  |q paperback) 
040 |e rda 
041 |a Malay 
090 0 0 |a SC   |b MAL 
100 0 |a Munirah Alias ,   |e (author) 
245 1 0 |a Kajian astronomi moden   |c Munirah Alias 
264 1 |a Subang Jaya,Selangor :   |b Penerbitan Celik Minda   |c 2024 
300 |a 29 pages :   |b colour illustration, colour photographs ;   |c 26 cm. 
336 |a text  |2 rdacontent 
337 |a unmediated  |2 rdamedia 
338 |a volume  |2 rdacarrier 
490 1 |a Siri misteri dan keindahan alam semesta 
500 |a Children ages 10-12 years old (pink) 
541 |c Purchased on 2024   |f 209AD ADE   |h RM49.83 
650 0 |a Astronomy   |v Juvenile fiction 
650 0 |a Space sciences   |v Juvenile fiction 
700 0 |a Falisyah Ismail ,   |e (author) 
730 0 |a Title 
999 |a 0001767711   |b Book   |c Children Collection   |e Perbadanan Perpustakaan Awam Johor 
999 |a 0001767712   |b Book   |c Children Collection   |e Cawangan Urban Transformation Centre 
999 |a 0001767713   |b Book   |c Children Collection   |e Cawangan Taman Universiti 
999 |a 0001767714   |b Book   |c Children Collection   |e Cawangan Segamat 
999 |a 0001767715   |b Book   |c Children Collection   |e Cawangan Taman Sri Lambak 
999 |a 0001767716   |b Book   |c Children Collection   |e Cawangan Tangkak 
999 |a 0001767717   |b Book   |c Children Collection   |e Cawangan Muar 
999 |a 0001767718   |b Book   |c Children Collection   |e Cawangan Kota Tinggi 
999 |a 0001767719   |b Book   |c Children Collection   |e Cawangan Bandar Penawar 
999 |a 0001767720   |b Book   |c Children Collection   |e Cawangan Batu Pahat 
999 |a 0001767721   |b Book   |c Children Collection   |e Cawangan Tmn. Ungku Tun Aminah 
999 |a 0001767722   |b Book   |c Children Collection   |e Cawangan Mersing 
999 |a 0001767723   |b Book   |c Children Collection   |e Cawangan Pontian 
999 |a 0001767724   |b Book   |c Children Collection   |e Cawangan Bukit Gambir 
999 |a 0001767725   |b Book   |c Children Collection   |e Perbadanan Perpustakaan Awam Johor 
999 |a 0001767726   |b Book   |c Children Collection   |e Cawangan Bandar Tenggara